Genetics : a human perspective
সংরক্ষণ করুন:
| প্রধান লেখক: | |
|---|---|
| বিন্যাস: | গ্রন্থ |
| ভাষা: | Undetermined |
| প্রকাশিত: |
Dubuque, Iowa
W.C. Brown Publishers
c1995
|
| বিষয়গুলি: | |
| ট্যাগগুলো: |
ট্যাগ যুক্ত করুন
কোনো ট্যাগ নেই, প্রথমজন হিসাবে ট্যাগ করুন!
|
| Thư viện lưu trữ: | Trung tâm Học liệu Trường Đại học Cần Thơ |
|---|
| LEADER | 00533nam a2200193Ia 4500 | ||
|---|---|---|---|
| 001 | CTU_127256 | ||
| 008 | 210402s9999 xx 000 0 und d | ||
| 082 | |a 575.1 | ||
| 082 | |b M463 | ||
| 100 | |a Maxson, Linda R. | ||
| 245 | 0 | |a Genetics : | |
| 245 | 2 | |b a human perspective | |
| 245 | 0 | |c Linda R. Maxson, Charles H. Daugherty | |
| 260 | |a Dubuque, Iowa | ||
| 260 | |b W.C. Brown Publishers | ||
| 260 | |c c1995 | ||
| 650 | |a Human genetics,Genetics | ||
| 904 | |i Hiếu | ||
| 980 | |a Trung tâm Học liệu Trường Đại học Cần Thơ | ||